LEADER 01217nam a2200289 a 4500 001 000000123493 003 CaOOAMICUS 005 20101022120447.0 008 101022t2010 it abd u000 u ita r 040 $aPUL$bita 082 04$a909 100 1 $aMusti, Domenico,$d1934-$0(OLS)http://pul/name/4054 245 10$aStoria greca :$b[linee di sviluppo dall'etą micenea all'etą romana] /$c[Domenico Musti]. 260 $aMilano :$bMondadori,$c©2010. 300 $aXVIII, 934 p. :$bill., grafici, c. geogr. ;$c18 cm 490 1 $aClassici della storia ;$v6 500 $aInclude indice. 504 $aBibliografia in nota. 651 4$aGrecia$xStoria antica.$0(OLS)http://pul/subject/24794 830 0$aClassici della storia ;$v6.$0(OLS)http://pul/title/155349 850 $aPUL 852 $aPUL$W1$xSL Cons. Gen., Altre Classi 3$y75$m909 COLL 3.6$j142161$qDDC 21$B141134$CPULBib$Z2$F141134 $H115084 $82 941 1 $a9 996 $6082$a909$9(OLS)http://pul/classification/566 996 $6245$aStoria greca :$b[linee di sviluppo dall'etą micenea all'etą romana]$9(OLS)http://pul/title/155629 996 $6260$aMilano :$bMondadori$9(OLS)http://pul/publisher/50297 LEADER 01257nam a2200265 a 4500 001 000000165195 003 CaOOAMICUS 005 20180124085545.0 008 180124s1996 it m u001 u eng r 032 $aLibriCat 040 $aPUL$bita 100 1 $aDasi Reddy, Thumma,$csuora.$0(OLS)http://pul/name/106370 245 10$aGod as the transcendent summit of human insight in Bernard Lonergan /$cThumma Dasi Reddy. 260 $aRomae :$b[s.n.],$c1996. 300 $avi, 152 p. ;$c24 cm. 502 $aEstratto da tesi. Pontificia Universitas Urbaniana. Facultas Philosophiae. 1996. 504 $aBibliografia in nota a pič pagina. 600 14$aLonergan, Bernard Joseph Francis,$cS.I.,$d1904-1984$xCritica e interpretazione.$0(OLS)http://pul/subject/27742 710 2 $aPontificia Universitą Urbaniana.$bFacoltą di Filosofia$kTesi.$0(OLS)http://pul/name/84517 850 $aPUL 852 $aPUL$W1$xDP1 Tesi Pon. Univ. Urbaniana$y49$mTH URB 383$j189475$qTesi$B192525$CPULBib$Z2$F192525 $H75620 $81 941 1 $a16 996 $6245$aGod as the transcendent summit of human insight in Bernard Lonergan$9(OLS)http://pul/title/204884 996 $6260$aRomae :$b[s.n.]$9(OLS)http://pul/publisher/48223